Электронная техника. Сер. 11 : Контрольно-измерительная аппаратура: научно-технический сборник

書誌詳細
言語:ロシア語
出版事項: Москва, ЦНИИ Электроника, 1966-1971
主題:
フォーマット: MixedMaterials 逐次刊行物
KOHA link:https://koha.lib.tpu.ru/cgi-bin/koha/opac-detail.pl?biblionumber=380250

MARC

LEADER 00000nas1a2200000 4500
001 380250
005 20231101062644.0
035 |a (RuTPU)RU\TPU\prd\1061 
035 |a BOOK00001062 
090 |a 380250 
100 |a 20011210a1963 k y0rusy50 ca 
101 0 |a rus 
102 |a RU 
110 |a aiaz|||0uu0 
200 1 |a Электронная техника. Сер. 11 : Контрольно-измерительная аппаратура  |e научно-технический сборник 
210 |a Москва  |c ЦНИИ Электроника  |d 1966-1971 
305 |a Издается с 1963 г. 
326 |a 3 номера в год 
610 1 |a электронная промышленность 
610 1 |a электронная техника 
610 1 |a измерительная техника 
610 1 |a СВЧ 
610 1 |a контрольно-измерительная техника 
610 1 |a измерители 
675 |a 621.317  |v 3 
675 |a 621.38  |v 3 
801 0 |a RU  |b 63413507  |c 20011210  |g PSBO 
801 2 |a RU  |b 63413507  |c 20180314  |g PSBO 
942 |c CR